| 000 | 00939nam a2200301 i 4500 | ||
|---|---|---|---|
| 003 | DO-SdBNP | ||
| 005 | 20230614082239.0 | ||
| 006 | a||||er|||| 00| 0 | ||
| 007 | ta | ||
| 008 | 230613e2023 dr a|||| |||| 00| f spa d | ||
| 020 | _a9789945084757 (Obra completa) | ||
| 020 | _a9789945084788 (Volumen II) | ||
| 040 |
_aDO-SdBNP _bspa _cBNPHU _erda |
||
| 082 | 4 |
_222 _bM364t |
|
| 245 | 1 | 3 |
_aLa testigo del amor. / _cClemente y Esperanza |
| 264 | 1 |
_aSanto Domingo : _bGemarosa, _c2023 |
|
| 300 |
_a2 v. : _bilustraciones ; _c22 cm.; |
||
| 336 |
_2rdaconten _atexto _btxt |
||
| 337 |
_2rdamedia _asin medición _bn |
||
| 338 |
_2rdacarrier _avolumen _bnc |
||
| 490 | _aEl Tesoro del Amor del Dorado Amanecer | ||
| 500 | _aIncluye glosario esotérico. | ||
| 505 |
_av.I _tLa testigo del amor. |
||
| 505 |
_av.2 _tLa gemarosa del amor. |
||
| 590 | _aInventariado 2023 / MF | ||
| 700 | 1 |
_aMarsella, Esperanza, de _983538 |
|
| 942 |
_2ddc _cLBS1 |
||
| 999 |
_c53804 _d53804 |
||